Sin ciudades no hay filósofos
Gespeichert in:
| 1. Verfasser: | |
|---|---|
| Format: | Buch |
| Sprache: | Spanisch |
| Veröffentlicht: |
Madrid
Tecnos
2014
|
| Ausgabe: | 1a. ed |
| Schriftenreihe: | Los Esenciales de la Filosofía
|
| Schlagworte: | |
| Tags: |
Tag hinzufügen
Keine Tags, Fügen Sie den ersten Tag hinzu!
|
MARC
| LEADER | 00000cam a2200000 a 4500 | ||
|---|---|---|---|
| 001 | UCC3584 | ||
| 003 | CL-VaPUC | ||
| 008 | 180527e20140000sp |||||||||||||||||spa|d | ||
| 020 | |a 9788430962839 | ||
| 082 | 0 | 4 | |a 320.01 |b STR |2 21 |
| 100 | 0 | |a Strauss, Leo |e author |9 597623 | |
| 245 | 1 | 0 | |a Sin ciudades no hay filósofos |
| 250 | |a 1a. ed | ||
| 300 | |a 199 p | ||
| 942 | |c BK | ||
| 945 | |d 20180527 18:33:00 |a arojas | ||
| 260 | |a Madrid |b Tecnos |c 2014 | ||
| 650 | 7 | |a FILOSOFIA POLITICA |2 CL-VaPUC |9 597624 | |
| 650 | 0 | |a Ciencias Políticas |9 255201 | |
| 583 | |a last modification |c 20180527 18:33:00 |k Rodrigo Vera | ||
| 490 | 0 | |a Los Esenciales de la Filosofía | |
| 999 | |c 371278 |d 371276 | ||
| 952 | |0 0 |1 0 |3 erb |4 0 |6 320_010000000000000_STR_2014 |7 0 |8 A |9 488227 |a BIBART |b BIBART |i 5472229 |o 320.01 STR 2014 |p 5472229 |r 2025-03-13 |w 2019-11-24 |y BK |z Catalogado en:20180527 |k ART | ||